| 000 | 00653nam a2200229Ia 4500 | ||
|---|---|---|---|
| 003 | OSt | ||
| 005 | 20220923213456.0 | ||
| 006 | a|||||r|||| 00| 0 | ||
| 007 | ta | ||
| 008 | 220922b |||||||| |||| 00| 0 hin d | ||
| 024 | _a162,287 | ||
| 037 | _cTextual | ||
| 040 |
_aARTS _cARTS _bhin |
||
| 041 |
_2hin _ahin |
||
| 082 | _aO152:2N12x, J6 | ||
| 100 |
_aविष्णु प्रभाकर _9156271 |
||
| 245 | 0 | _aप्रकाश और परछाई | |
| 246 | _aPrakāsh aur parachhāī | ||
| 260 | _c1956 | ||
| 942 |
_hO152:2N12x, J6 _cTEXL _2CC |
||
| 999 |
_c316788 _d316788 |
||